|
|
|
|
| LEADER |
00000nam0a2200000 4500 |
| 001 |
211796 |
| 005 |
20231101225716.0 |
| 010 |
|
|
|a 9785941783168
|
| 035 |
|
|
|a (RuTPU)RU\TPU\book\231386
|
| 090 |
|
|
|a 211796
|
| 100 |
|
|
|a 20120320d2012 m y0rusy50 ca
|
| 101 |
0 |
|
|a rus
|
| 102 |
|
|
|a RU
|
| 105 |
|
|
|a y j 001zy
|
| 200 |
1 |
|
|a Культурология
|e учебник
|f З. З. Мухина
|
| 210 |
|
|
|a Старый Оскол
|c ТНТ
|d 2012
|
| 215 |
|
|
|a 439 с.
|
| 320 |
|
|
|a Библиогр.: с. 438-439.
|
| 330 |
|
|
|a Учебник содержит разделы «теория культуры», «история мировой культуры», «история отечественной культуры». В нём даётся представление о предмете культурологии и её месте в системе гуманитарного знания, раскрывается содержание основных понятий, анализируются модели культурного человека в разные эпохи, рассматривается проблема профессиональной культуры. В разделе истории мировой культуры традиционно уделено внимание не только тем цивилизациям, которые играли в прошлом определяющие роли в мире, но также и тем, которые стали занимать доминируюее место в экономическом и культурном развитии современного мира (США, Западная Европа, Бразилия, Китай, Япония, Индия). Особый акцент сделан на вопросы, которые в существующих учебниках или полностью выпадали из рассмотрения, или затрагивались вскользь: история науки и техники; культура русского зарубежья; роль средневековых городов Европы в зарождении и становлении новых общественных отношений, что привело к демократической форме правления, высоко развитой экономике и культуре; особенности России, которые замедлили её развитие и не позволили реализовать её потенциальные возможности.Значительное внимание уделено формированию социокультурной компетентности как необходимой составляющей подготовки соременного специалиста в любой области.
|
| 606 |
1 |
|
|a Культурология
|2 stltpush
|3 (RuTPU)RU\TPU\subj\67420
|9 83233
|
| 610 |
1 |
|
|a культура
|
| 610 |
1 |
|
|a история
|
| 610 |
1 |
|
|a методология
|
| 610 |
1 |
|
|a культурологическая мысль
|
| 610 |
1 |
|
|a религия
|
| 610 |
1 |
|
|a искусство
|
| 610 |
1 |
|
|a наука
|
| 610 |
1 |
|
|a техника
|
| 610 |
1 |
|
|a социокультурные явления
|
| 610 |
1 |
|
|a человек
|
| 610 |
1 |
|
|a типология
|
| 610 |
1 |
|
|a первобытная культура
|
| 610 |
1 |
|
|a древние цивилизации
|
| 610 |
1 |
|
|a средневековая культура
|
| 610 |
1 |
|
|a Возрождение
|
| 610 |
1 |
|
|a Новое время
|
| 610 |
1 |
|
|a 17 век
|
| 610 |
1 |
|
|a 18 век
|
| 610 |
1 |
|
|a 19 век
|
| 610 |
1 |
|
|a новейшее время
|
| 610 |
1 |
|
|a отечественная культура
|
| 610 |
1 |
|
|a Россия
|
| 610 |
1 |
|
|a учебные пособия
|
| 686 |
|
|
|a Ч111я73
|v LBC/SL-A
|2 rubbk
|
| 700 |
|
1 |
|a Мухина
|b З. З.
|g Зинара Зиевна
|
| 801 |
|
1 |
|a RU
|b 63413507
|c 20120320
|
| 801 |
|
2 |
|a RU
|b 63413507
|c 20150609
|g RCR
|
| 900 |
|
|
|a Культурология
|
| 942 |
|
|
|c BK
|
| 959 |
|
|
|a 43/20120320
|d 2
|e 360,00
|f ЧЗГЛ:1
|f АНЛ:1
|